| 000 | 01526 a2200217 4500 | ||
|---|---|---|---|
| 001 | 54060 | ||
| 005 | 20260407155811.0 | ||
| 008 | 260407a1962 arg spa d | ||
| 003 | AR-UNSa-BCEJYS | ||
| 040 |
_aAR-UNSa-BCEJYS _bspa _cAR-UNSa-BCEJYS |
||
| 080 |
_a330.101.541 _xMacroeconomía |
||
| 245 | 1 | 0 |
_aMacro-economía _pmedición, análisis y control de la actividad económica total |
| 264 | 1 |
_aMadrid : _bRevista de Derecho Privado _c1962 |
|
| 300 |
_a404 p. _c22 cm. |
||
| 505 | _a1. El marco institucional - 2. La cuenta de producto nacional bruto - 3. Problemas conceptuales en la estimación del producto nacional bruto - 4. Cuentas sectoriales - 5. Simplificación de las cuentas - 6. Consumo, ahorro y la teoría elemental de la determinación de la renta - 7. El estado y el nivel de la renta - 8. El nivel de la inversión - 9. El interés y el dinero - 10. El equilibrio general de los mercados de producto y monetario - 11. La demnada monetaria y la política de estabilización - 12. El nivel de empleo(1) - 13. El nivel de empleo(2) - 14. El pleno empleo, el nivel de precios y la teoría del interés - 15. El comercio internacional y el nivel de la renta - 16. Una economía expansiva - 17. El estancamiento secular - 18. La inflación - 19. Los ciclos económicos - 20. Los problemas de la política fiscal - 21. La financiación de los gastos públicos | ||
| 041 | _aspa | ||
| 942 | _cBK | ||
| 590 | _aniveau_biblio:m niveau_hierar:0 | ||
| 100 | 1 | _aDernburg, Thomas F. | |
| 700 | 1 | _aMcDougall, Duncan M. | |
| 999 |
_c5328 _d5328 |
||